Statistics for Taylor Swift's Mary's Song Lyrics

Click here to take the quiz!

General Stats

  • This quiz has been taken 312 times
  • The average score is 281 of 330

Answer Stats

Answer % Correct
I
100%
I
100%
I
100%
I
100%
I
100%
I
100%
I
100%
I
100%
I
100%
I
100%
you
97%
my
97%
my
97%
You
97%
my
97%
you
97%
my
97%
you
97%
my
97%
my
97%
my
97%
you
97%
you
97%
my
97%
my
97%
my
97%
my
97%
my
97%
my
97%
my
97%
you
97%
my
97%
You
97%
my
97%
You
97%
you
97%
you
97%
A
97%
you
97%
you
97%
my
97%
you
97%
you
97%
We
96%
the
96%
the
96%
The
96%
the
96%
we
96%
the
96%
the
96%
the
96%
we
96%
the
96%
the
96%
the
96%
the
96%
we
96%
the
96%
the
96%
we
96%
the
96%
the
96%
And
95%
and
95%
and
95%
And
95%
Oh
95%
oh
95%
and
95%
And
95%
and
95%
and
95%
and
95%
And
95%
and
95%
and
95%
And
95%
Oh
95%
and
95%
and
95%
and
95%
And
95%
oh
95%
oh
95%
and
95%
me
94%
was
94%
me
94%
were
94%
me
94%
me
94%
were
94%
me
94%
me
94%
were
94%
me
94%
was
94%
me
94%
me
94%
me
94%
me
94%
was
94%
to
93%
in
93%
In
93%
to
93%
to
93%
In
93%
to
93%
to
93%
to
93%
to
93%
in
93%
in
93%
in
93%
to
93%
to
93%
in
93%
at
92%
like
92%
at
92%
at
92%
like
92%
said
92%
love
92%
Two
92%
said
92%
like
92%
said
92%
at
92%
nine
92%
seven
92%
said
92%
Said
92%
love
92%
our
91%
our
91%
our
91%
that
91%
our
91%
that
91%
our
91%
that
91%
that
91%
our
91%
our
91%
our
91%
be
91%
our
91%
be
91%
Our
91%
look
91%
two
90%
looked
90%
two
90%
looked
90%
of
90%
stars
90%
of
90%
stars
90%
of
90%
of
90%
two
90%
us
89%
up
89%
up
89%
us
89%
up
89%
when
88%
their
88%
when
88%
when
88%
their
88%
when
88%
shine
88%
eyes
87%
eyes
87%
eyes
87%
fall
87%
rolled
86%
about
86%
about
86%
rolled
86%
used
86%
used
86%
sky
86%
sky
86%
used
86%
never
85%
smiled
85%
never
85%
never
85%
smiled
85%
joke
84%
back
84%
back
84%
did
84%
on
84%
do
84%
light
84%
on
84%
pretty
84%
did
84%
back
84%
back
84%
back
84%
pretty
84%
did
84%
joke
84%
falling
84%
lights
83%
than
83%
Take
83%
Take
83%
shined
83%
kiss
83%
your
83%
lights
83%
your
83%
one
83%
Take
83%
Growing
83%
Take
83%
Take
83%
one
83%
Take
83%
shined
83%
daddies
82%
daddies
82%
She
82%
time
81%
time
81%
still
81%
bigger
81%
time
81%
still
81%
beat
80%
But
80%
you'd
80%
Just
80%
very
79%
very
79%
ran
79%
down
78%
down
78%
tried
78%
see
78%
we'd
78%
kids
77%
dared
77%
fight
77%
had
77%
had
77%
got
77%
first
76%
girl
76%
little
76%
really
76%
They
76%
sixteen
76%
cried
75%
wasn't
75%
too
75%
knee
75%
believed
75%
mamas
74%
mamas
74%
mamas
74%
town
73%
town
73%
kissing
73%
instead
72%
slamming
72%
goodnight
72%
morning
72%
doors
72%
suddenly
72%
a.m.
72%
came
71%
walked
71%
all
71%
all
71%
tree
70%
truck
70%
outside
70%
aisle
70%
whole
70%
porch
69%
years
69%
'til
69%
house
69%
stayed
69%
world
69%
years
69%
is
68%
spot
67%
sitting
67%
come
67%
so
67%
favourite
67%
backyard
67%
wide
66%
eighty-nine
66%
eighty-seven
66%
front
66%
We'll
65%
Well
65%
few
65%
block
64%
I'll
64%
this
64%
gone
64%
I'll
64%
babies
63%
rock
63%
around
62%
need
62%
next
62%
you'll
62%
riding
61%
where
61%
many
58%
After
57%
before
56%
creek
54%
met
54%
home
52%
turned
46%
beds
41%

Score Distribution

Percentile by Number Answered

Percent of People with Each Score

Your Score History

You have not taken this quiz